00000000nas 2200000zi 4500
0019.955653
003CaOODSP
00520251014104606
006m     o  d f      
007cr cn ||||||||
008250923c20219999onc x m o    f0    0eng|d
040 |aCaOODSP|beng|erda|cCaOODSP
043 |an-cn---
0861 |aYM32-10E-PDF
1300 |aHillStudies.
24510|aHillStudies : |bin-depth reads on Canadian topics.
2463 |aHill studies
24613|aLibrary of Parliament HillStudies
264 1|aOttawa, Canada : |bLibrary of Parliament = Bibliothèque du Parlement, |c[2021]-
310 |aIrregular
336 |atext|btxt|2rdacontent
337 |acomputer|bc|2rdamedia
338 |aonline resource|bcr|2rdacarrier
3621 |aBegan with: Publication no. 2008-45-E (1 April 2021).
500 |aIssued also in French under title: Études de la Colline.
520 |a"Library of Parliament HillStudies provide in‑depth studies of policy issues. They feature historical background, current information and references, and often anticipate the emergence of the issues they examine. They are prepared by Parliamentary Information, Education and Research Services, which carries out research for and provides information and analysis to parliamentarians and Senate and House of Commons committees and parliamentary associations in an objective, impartial manner"--Publisher's website.
550 |aIssued by: Research and Education, 2023-
580 |aMerger of: Background paper; and: In brief.
588 |aDescription based on: Publication no. 2008-45-E (1 April 2021); title from PDF cover page.
588 |aLatest issue consulted: Publication no. 2011-66-E (20 June 2025).
651 0|aCanada|xPolitics and government.
651 0|aCanada|xEconomic policy.
651 0|aCanada|xSocial policy.
7101 |aCanada. |bParliamentary Information, Education and Research Services, |eissuing body.
7101 |aCanada. |bLibrary of Parliament. |bResearch and Education, |eissuing body.
77508|tÉtudes de la Colline : |w(CaOODSP)9.955652
78000|tBackground paper |w(CaOODSP)9.504772
78000|tIn brief |w(CaOODSP)9.504914